=LDR 00000nam 2200000 4500 =001 INLIS000000000029155 =005 20130612131418 =008 ***********************************Ind** =035 ##$$0010-061300000029155 =041 ##$$a Ind =082 ##$$a 790.259 852 =090 ##$$a 790.259 852, Se p =100 ##$$a Senen, I Wayan =245 ##$$a Perempuan dalam seni pertunjukan di Bali, I wayan Senen =260 ##$$a 2005 $b Jogyakarta =300 ##$$a 179 hlm, ilus, 21 cm =650 ##$$a Kesenian =850 ##$$a NBPNMAT =990 ##$$a 76027602 =990 ##$$a 01201807602